Normal view
MARC view
- Digital signals processing
Entry Topical Term
001 - CONTROL NUMBER
- control field: 125248
003 - CONTROL NUMBER IDENTIFIER
- control field: NUST
005 - DATE AND TIME OF LATEST TRANSACTION
- control field: 20240821115706.0
008 - FIXED-LENGTH DATA ELEMENTS
- fixed length control field: 240821|| aca||aabn | a|a d
040 ## - CATALOGING SOURCE
- Original cataloging agency: NUST
- Transcribing agency: NUST
150 ## - HEADING--TOPICAL TERM
- Topical term or geographic name entry element: Digital signals processing
670 ## - SOURCE DATA FOUND
- Source citation: Work cat.: (NUST): Thomas J. Cavicchi 125247, Digital signals processing , 2002.
